000
00307nam a2200121Ia 4500
008
190216s9999||||xx |||||||||||||| ||und||
100
_a
John E Freund & Frank J Williams
245
0
_a
Modern Business Statistics
260
_b
Wiley Eastern Ltd
_c
1969
300
_a
541p
650
_a
Commerce
942
_c
BK
999
_c
4323
_d
4323